| 000 | 00394nam a2200145Ia 4500 | ||
|---|---|---|---|
| 008 | 210210b1985 xxu||||| |||| 00| 0 eng d | ||
| 082 | _a304.6 BHEP | ||
| 100 | _aBHENDE (Asha A) and KANITKAR (Tara). | ||
| 245 | _aPrinciples of population studies. Rev Ed 3. | ||
| 250 | _a | ||
| 260 |
_aBombay. _bHimalaya Publishing House _c1985 |
||
| 300 | _axv,499 | ||
| 690 | _aPopulation | ||
| 906 | _a037698 | ||
| 999 |
_c87919 _d87919 |
||